| 000 | 00357nam a22001217a 4500 | ||
|---|---|---|---|
| 020 | _aNA | ||
| 082 |
_222 _a005.1 |
||
| 100 | _aSchach, stephen R, | ||
| 245 | _aObject Oriented and classical software Engineering / | ||
| 260 |
_aNc graw Hill Higher education, _bNc graw Hill Higher education, _cc2002 |
||
| 300 |
_axix ; 628 p, ; _bNA _c24cm. |
||
| 942 |
_2ddc _cIT _03 |
||
| 999 |
_c3466 _d3466 |
||